| 000 | 00422 a2200157 4500 | ||
|---|---|---|---|
| 999 |
_c8453 _d8453 |
||
| 020 | _a1779000430 | ||
| 050 | _aPL8010 REV 1998 | ||
| 100 |
_aDawson, Dick _eauthor |
||
| 245 |
_aRevival : _ban anthology of African poetry / _cDawson, Dick |
||
| 264 |
_aHarare : _bCollege Press Publishers, _c1998. |
||
| 300 | _a186p. : | ||
| 440 | _aill. | ||
| 500 | _apoetry | ||
| 650 | _aPoetry---English | ||
| 942 |
_2lcc _cBK _h8010 _iREV _kPL |
||